UML distilled : a brief guide to the standard object modeling language (Record no. 178132)
[ view plain ]
| 000 -LEADER | |
|---|---|
| fixed length control field | 00516nam a2200169Ia 4500 |
| 008 - FIXED-LENGTH DATA ELEMENTS--GENERAL INFORMATION | |
| fixed length control field | 231217s9999 xx 000 0 und d |
| 020 ## - INTERNATIONAL STANDARD BOOK NUMBER | |
| International Standard Book Number | 8178082489 |
| 041 ## - LANGUAGE CODE | |
| Language code of text/sound track or separate title | English |
| 082 ## - DEWEY DECIMAL CLASSIFICATION NUMBER | |
| Classification number | 001.6424UML FOW;5 |
| 100 ## - MAIN ENTRY--PERSONAL NAME | |
| Personal name | Fowler, Martin Scott, Kendall |
| 245 #0 - TITLE STATEMENT | |
| Title | UML distilled : a brief guide to the standard object modeling language |
| 250 ## - EDITION STATEMENT | |
| Edition statement | 2nd ed. |
| 260 ## - PUBLICATION, DISTRIBUTION, ETC. | |
| Date of publication, distribution, etc. | 2000 |
| Name of publisher, distributor, etc. | Pearson Education, |
| Place of publication, distribution, etc. | Delhi |
| 300 ## - PHYSICAL DESCRIPTION | |
| Extent | xxi+185 |
| 650 ## - SUBJECT ADDED ENTRY--TOPICAL TERM | |
| Topical term or geographic name entry element | UML,distilled,:,brief,standard,object,modeling,language |
| 942 ## - ADDED ENTRY ELEMENTS (KOHA) | |
| Koha item type | Books |
| Date last seen | Total checkouts | Full call number | Accession number | Price effective from | Category | Lost status | Damaged status | Department | Withdrawn status | Home library | Current library | Shelving location | Entry date | Vendor | Grants | Billnumber | Billdate | Currency symbol | Conversion rate | Discount | Old discount |
|---|---|---|---|---|---|---|---|---|---|---|---|---|---|---|---|---|---|---|---|---|---|
| 26/01/2024 | 001.6424UML FOW;5 | 43004 | 26/01/2024 | Books | Information Science | Central Library | Central Library | Information Science | 08/09/2006 | Publisher | IS | 27/08/2008 | RS | 1 |
